Second words: Selected critical prose

Сохранить в:
Библиографические подробности
Главный автор: Atwood, Margaret
Формат:
Язык:Undetermined
Опубликовано: Toronto, Canadá Anansi 1982
Предметы:
Метки: Добавить метку
Нет меток, Требуется 1-ая метка записи!

MARC

LEADER 00000nam a2200000Ia 4500
008 170316s9999 xx 000 0 und d
090 |a 818 A-7s 
100 |a Atwood, Margaret 
245 |a Second words: Selected critical prose 
260 |a Toronto, Canadá 
260 |b Anansi 
260 |c 1982 
300 |a 444 páginas 
650 |a LITERATURA CANADIENSE 
999 |c 21739  |d 21739 
040 |a cru BVZT 
942 |c 15 D  |h 818 A-7s  |2 z